Les 200 villes françaises les plus peuplées - Statistiques

Statistiques générales
  • Ce quiz a été pris 2 734 fois
  • Le résultat moyen est 100 sur 201
Statistiques - réponses
Ville Population
Région % Correct
Marseille 0,868 Provence Alpes Côtes d'Azur
99%
Paris 2,175 Île de France
99%
Lyon 0,518 Auvergne Rhône Alpes
98%
Toulouse 0,486 Occitanie
97%
Lille 0,233 Hauts de France
97%
Nice 0,341 Provence Alpes Côtes d'Azur
97%
Bordeaux 0,257 Nouvelle Aquitaine
96%
Strasbourg 0,284 Grand Est
96%
Nantes 0,314 Pays de la Loire
95%
Rennes 0,217 Bretagne
94%
Montpellier 0,290 Occitanie
91%
Brest 0,139 Bretagne
89%
Dijon 0,156 Bourgogne Franche Comté
88%
Saint Étienne 0,173 Auvergne Rhône Alpes
88%
Saint Denis 0,150 Réunion
87%
Saint Denis 0,112 Île de France
87%
Toulon 0,176 Provence Alpes Côtes d'Azur
86%
Grenoble 0,157 Auvergne Rhône Alpes
85%
Le Havre 0,169 Normandie
85%
Metz 0,116 Grand Est
85%
Reims 0,182 Grand Est
85%
Aix en Provence 0,143 Provence Alpes Côtes d'Azur
83%
Caen 0,105 Normandie
83%
Clermont Ferrand 0,146 Auvergne Rhône Alpes
83%
Angers 0,154 Pays de la Loire
82%
Nancy 0,104 Grand Est
81%
Rouen 0,111 Normandie
81%
Tours 0,136 Centre Val de Loire
81%
Nîmes 0,149 Occitanie
79%
Orléans 0,116 Centre Val de Loire
79%
Perpignan 0,119 Occitanie
79%
Amiens 0,133 Hauts de France
76%
La Roche sur Yon 0,04 Pays de la Loire
76%
Dunkerque 0,086 Hauts de France
75%
Annecy 0,128 Auvergne Rhône Alpes
74%
Cannes 0,073 Provence Alpes Côtes d'Azur
74%
Le Mans 0,143 Pays de la Loire
74%
Versailles 0,085 Île de France
74%
Ajaccio 0,070 Corse
73%
Valence 0,064 Auvergne Rhône Alpes
73%
Mulhouse 0,108 Grand Est
72%
Pau 0,076 Nouvelle Aquitaine
72%
Limoges 0,131 Nouvelle Aquitaine
71%
Avignon 0,091 Provence Alpes Côtes d'Azur
70%
Calais 0,072 Hauts de France
70%
la Rochelle 0,076 Nouvelle Aquitaine
70%
Lorient 0,057 Bretagne
70%
Quimper 0,063 Bretagne
70%
Villeurbanne 0,150 Auvergne Rhône Alpes
70%
Boulogne Billancourt 0,121 Île de France
69%
Boulogne sur Mer 0,040 Hauts de France
69%
Besançon 0,116 Bourgogne Franche Comté
68%
Bastia 0,048 Corse
67%
Bourg en Bresse 0,041 Auvergne Rhône Alpes
67%
Colmar 0,068 Grand Est
67%
Poitiers 0,088 Nouvelle Aquitaine
67%
Roubaix 0,098 Hauts de France
67%
Troyes 0,061 Grand Est
65%
Bayonne 0,051 Nouvelle Aquitaine
64%
Chambéry 0,058 Auvergne Rhône Alpes
62%
Nanterre 0,096 Île de France
62%
Vannes 0,053 Bretagne
62%
Béziers 0,077 Occitanie
61%
Cherbourg en Cotentin 0,079 Normandie
60%
Créteil 0,092 Île de France
60%
Évry Courcouronnes 0,067 Île de France
60%
Fort de France 0,078 Martinique
60%
Tourcoing 0,097 Hauts de France
60%
Carcassonne 0,046 Occitanie
59%
Saint Malo 0,046 Bretagne
59%
Saint Nazaire 0,070 Pays de la Loire
58%
Cayenne 0,063 Guyane
55%
Montreuil 0,109 Île de France
55%
Narbonne 0,055 Occitanie
55%
Niort 0,059 Nouvelle Aquitaine
55%
Argenteuil 0,110 Île de France
54%
Blois 0,045 Centre Val de Loire
54%
Montauban 0,060 Occitanie
54%
Nouméa 0,094 Nouvelle Calédonie
54%
Bourges 0,064 Centre Val de Loire
53%
Cergy 0,066 Île de France
53%
Laval 0,049 Pays de la Loire
53%
Arras 0,041 Hauts de France
52%
Aubervilliers 0,087 Île de France
52%
Saint Pierre 0,084 Réunion
52%
Valenciennes 0,043 Hauts de France
52%
Albi 0,048 Occitanie
51%
Angoulême 0,041 Nouvelle Aquitaine
51%
Beauvais 0,056 Hauts de France
51%
Ivry sur Seine 0,063 Île de France
51%
Antibes 0,072 Provence Alpes Côtes d'Azur
50%
Chartres 0,038 Centre Val de Loire
50%
Saint Paul 0,103 Réunion
50%
Belfort 0,046 Bourgogne Franche Comté
49%
Chalon sur Saône 0,044 Bourgogne Franche Comté
49%
Châteauroux 0,043 Centre Val de Loire
49%
Melun 0,039 Île de France
49%
Villeneuve d'Ascq 0,062 Hauts de France
49%
Arles 0,051 Provence Alpes Côtes d'Azur
48%
Évreux 0,046 Normandie
48%
Gap 0,040 Provence Alpes Côtes d'Azur
48%
Mamoudzou 0,071 Mayotte
48%
Neuilly sur Seine 0,059 Île de France
48%
Saint Brieuc 0,044 Bretagne
47%
Bobigny 0,054 Île de France
46%
Issy les Moulineaux 0,068 Île de France
46%
Charleville Mézières 0,046 Grand Est
45%
Tarbes 0,042 Occitanie
45%
Levallois Perret 0,065 Île de France
44%
Mérignac 0,070 Nouvelle Aquitaine
44%
Fréjus 0,053 Provence Alpes Côtes d'Azur
43%
Saint Quentin 0,053 Hauts de France
43%
Clichy 0,062 Île de France
42%
Sarcelles 0,058 Île de France
42%
Vénissieux 0,067 Auvergne Rhône Alpes
42%
Vitry sur Seine 0,094 Île de France
42%
Antony 0,062 Île de France
41%
Aulnay sous Bois 0,086 Île de France
41%
Colombes 0,086 Île de France
41%
Hyères 0,055 Provence Alpes Côtes d'Azur
41%
Meaux 0,055 Île de France
41%
Pessac 0,064 Nouvelle Aquitaine
41%
Sète 0,043 Occitanie
41%
Asnières sur Seine 0,085 Île de France
39%
Brive la Gaillarde 0,046 Nouvelle Aquitaine
39%
Cholet 0,054 Pays de la Loire
39%
Courbevoie 0,082 Île de France
39%
Drancy 0,072 Île de France
39%
Le Tampon 0,079 Réunion
38%
Noisy le Grand 0,068 Île de France
37%
Noisy le Sec 0,044 Île de France
37%
Saint Ouen sur Seine 0,05 Île de France
37%
Vincennes 0,049 Île de France
37%
Castres 0,041 Occitanie
36%
Douai 0,039 Hauts de France
36%
Mantes la Jolie 0,044 Île de France
36%
Martigues 0,048 Provence Alpes Côtes d'Azur
36%
Pantin 0,059 Île de France
36%
Rueil Malmaison 0,077 Île de France
36%
La Seyne sur Mer 0,062 Provence Alpes Côtes d'Azur
35%
Montélimar 0,039 Auvergne Rhône Alpes
35%
Alès 0,040 Occitanie
34%
Saint Maur des Fossés 0,075 Île de France
34%
Istres 0,043 Provence Alpes Côtes d'Azur
33%
Villejuif 0,054 Île de France
33%
Aubagne 0,047 Provence Alpes Côtes d'Azur
32%
Champigny sur Marne 0,077 Île de France
32%
Compiègne 0,040 Hauts de France
32%
Bondy 0,054 Île de France
31%
Châlons en Champagne 0,044 Grand Est
31%
Massy 0,05 Île de France
31%
Montrouge 0,048 Île de France
30%
Sevran 0,051 Île de France
30%
Draguignan 0,039 Provence Alpes Côtes d'Azur
29%
Corbeil Essonnes 0,050 Île de France
28%
La Courneuve 0,043 Île de France
28%
Puteaux 0,044 Île de France
28%
Saint Laurent du Maroni 0,045 Guyane
28%
Thionville 0,040 Grand Est
28%
Gennevilliers 0,047 Île de France
27%
Le Blanc Mesnil 0,057 Île de France
27%
Clamart 0,052 Île de France
26%
Poissy 0,038 Île de France
26%
Bron 0,042 Auvergne Rhône Alpes
25%
Cagnes sur Mer 0,051 Provence Alpes Côte d'Azur
25%
Les Abymes 0,053 Guadeloupe
25%
Les Sables d'Olonne 0,044 Pays de la Loire
25%
Saint Louis 0,053 Réunion
25%
Vaulx en Velin 0,050 Auvergne Rhône Alpes
25%
Meudon 0,045 Île de France
23%
Fontenay sous Bois 0,052 Île de France
22%
Maisons Alfort 0,055 Île de France
22%
Saint André 0,056 Réunion
22%
Saint Germain en Laye 0,044 Île de France
22%
Saint Priest 0,046 Auvergne Rhône Alpes
22%
Talence 0,042 Nouvelle Aquitaine
22%
Suresnes 0,048 Île de France
21%
Alfortville 0,044 Île de France
20%
Bagneux 0,040 Île de France
20%
Chelles 0,055 Île de France
20%
Épinay sur Seine 0,054 Île de France
20%
Rosny sous Bois 0,046 Île de France
20%
Saint Herblain 0,046 Pays de la Loire
20%
Sartrouville 0,052 Île de France
20%
St Martin d'Hères 0,038 Auvergne Rhône Alpes
20%
Anglet 0,039 Nouvelle Aquitaine
19%
Choisy le Roi 0,046 Île de France
19%
Rezé 0,042 Pays de la Loire
19%
Caluire et Cuire 0,042 Auvergne Rhône Alpes
17%
Colomiers 0,039 Occitanie
17%
Garges lès Gonesse 0,042 Île de France
17%
Joué lès Tours 0,037 Centre Val de Loire
17%
Le Cannet 0,041 Provence Alpes Côtes d'Azur
17%
Salon de Provence 0,045 Provence Alpes Côtes d'Azur
16%
Stains 0,038 Île de France
16%
Gagny 0,039 Île de France
14%
Livry Gargan 0,045 Île de France
14%
Marcq en Barœul 0,038 Hauts de France
14%
Wattrelos 0,040 Hauts de France
14%
Pontault Combault 0,037 Île de France
12%
Le Lamentin 0,040 Martinique
11%
Aucun quiz correspondant
Distribution des résultats
% des personnes avec chaque résultat
Percentile par nombre de réponses
Votre historique - résultats
Vous n’avez pas pris ce quiz